Mặt đường bê tông xi măng, đường ô tô và sân bay
Enregistré dans:
| Auteur principal: | |
|---|---|
| Format: | Livre |
| Langue: | Undetermined |
| Publié: |
Hà Nội
Giao Thông Vận Tải
1999
|
| Sujets: | |
| Tags: |
Ajouter un tag
Pas de tags, Soyez le premier à ajouter un tag!
|
| Thư viện lưu trữ: | Trung tâm Học liệu Trường Đại học Cần Thơ |
|---|
| LEADER | 00584nam a2200193Ia 4500 | ||
|---|---|---|---|
| 001 | CTU_34210 | ||
| 008 | 210402s9999 xx 000 0 und d | ||
| 020 | |c 29200 | ||
| 082 | |a 625.7 | ||
| 082 | |b Ch309 | ||
| 100 | |a Nguyễn, Quang Chiêu | ||
| 245 | 0 | |a Mặt đường bê tông xi măng, đường ô tô và sân bay | |
| 245 | 0 | |c Nguyễn Quang Chiêu | |
| 260 | |a Hà Nội | ||
| 260 | |b Giao Thông Vận Tải | ||
| 260 | |c 1999 | ||
| 650 | |a Civil engineering,Roads | ||
| 904 | |i Minh | ||
| 980 | |a Trung tâm Học liệu Trường Đại học Cần Thơ | ||